[Event "Australian Masters"]
[Site "Melbourne AUS"]
[Date "2004.08.03"]
[Round "1"]
[White "West,G"]
[Black "Johansen,D"]
[Result "1-0"]
[WhiteElo "2362"]
[BlackElo "2483"]

1.e4 c5 2.Nf3 e6 3.d4 cxd4 4.Nxd4 a6 5.Bd3 Nf6 6.O-O Qc7 7.Qe2 d6 8.Nc3 b6
9.f4 Bb7 10.Kh1 Nbd7 11.Bd2 Be7 12.Rae1 Nc5 13.e5 Nfd7 14.Bf5 dxe5 15.fxe5 exf5
16.e6 Nf6 17.exf7+ Kxf7 18.Qc4+ Kg6 19.Nxf5 Nfe4 20.Nxe4 Rhe8 21.Nxc5 Bxg2+
22.Kxg2 Qc6+ 23.Qe4 Qxe4+ 24.Nxe4 Bf8 25.Neg3 h5 26.Nh4+ Kh7 27.Nxh5 Red8
28.Bc3 Ra7 29.Nf4 Be7 30.Re5 g5 31.Nd5 Rxd5 32.Rxd5  1-0

[Event "HZ Open"]
[Site "Vlissingen NED"]
[Date "2004.08.08"]
[Round "3"]
[White "Van Hoeve,A"]
[Black "Werle,J"]
[Result "0-1"]
[WhiteElo "2182"]
[BlackElo "2449"]

1.e4 c5 2.Nf3 e6 3.d4 cxd4 4.Nxd4 a6 5.Bd3 Nc6 6.Nb3 Nf6 7.Nc3 Qc7 8.O-O b5
9.a3 Bb7 10.f4 d6 11.Qf3 Be7 12.Bd2 O-O 13.Rae1 b4 14.Ne2 bxa3 15.bxa3 d5
16.e5 Ne4 17.Bc1 Na5 18.Ng3 Nc4 19.Nxe4 dxe4 20.Bxe4 Bxe4 21.Qxe4 Nxa3 22.Bxa3 Bxa3
23.f5 exf5 24.Qxf5 Rae8 25.Kh1 Bb2 26.Qd3 Bxe5 27.Re3 Ra8 28.Rfe1 Bf6 29.Rf1 Qb6
30.Rh3 g6 31.Rhf3 Bg7 32.Qc4 Rac8 33.Qd5 Qc6 34.Qa5 Qe6 35.R3f2 Rc4 36.h3 Qc6
37.Qd2 Rc3 38.Kg1 Qc4 39.Rf4 Qc7 40.R4f2 a5 41.Kh1 a4 42.Nc1 Qc4 43.Nd3 a3
44.Qf4 Rxc2 45.Rxc2 Qxc2 46.Nb4 Qb3 47.Rf2 Re8  0-1

[Event "HZ Open"]
[Site "Vlissingen NED"]
[Date "2004.08.08"]
[Round "3"]
[White "Souleidis,G"]
[Black "Peschel,A"]
[Result "1-0"]
[WhiteElo "2391"]
[BlackElo "2174"]

1.e4 c5 2.Nf3 e6 3.d4 cxd4 4.Nxd4 a6 5.Bd3 Qc7 6.O-O Nf6 7.Qe2 d6 8.c4 Be7
9.Nc3 Nbd7 10.f4 O-O 11.Nf3 Nc5 12.Bc2 b5 13.e5 Ng4 14.h3 Nh6 15.exd6 Bxd6
16.b4 Nb7 17.c5 Be7 18.Ng5 Bf6 19.Bb2 Nxc5 20.bxc5 Qxc5+ 21.Kh1 Bxc3 22.Ne4 Qb6
23.Bxc3 Bb7 24.Ng5 Rac8 25.Bb2 f6 26.Bxh7+ Kh8 27.Bg6 fxg5 28.fxg5 e5 29.Bd3 Qe6
30.gxh6 Qxh3+ 31.Kg1 Qxh6 32.Qxe5 Kg8 33.Rae1 Rxf1+ 34.Bxf1 Bc6 35.Qe6+ Qxe6
36.Rxe6 Kf7 37.Rd6 Ke7 38.Rg6 Bd5 39.Rxa6 Rc2 40.Bxg7  1-0

[Event "14th Open"]
[Site "Abu Dhabi UAE"]
[Date "2004.08.14"]
[Round "1"]
[White "Bakre,T"]
[Black "Sachdev,T"]
[Result "1/2-1/2"]
[WhiteElo "2492"]
[BlackElo "2240"]

1.e4 c5 2.Nf3 e6 3.d4 cxd4 4.Nxd4 a6 5.Bd3 Nf6 6.O-O Qc7 7.Qe2 d6 8.c4 g6
9.Nc3 Bg7 10.Nf3 Nc6 11.Bf4 Nd7 12.Rac1 Nce5 13.b3 O-O 14.Bb1 Nxf3+ 15.Qxf3 Ne5
16.Qg3 Bd7 17.Rfd1 Rad8 18.Bg5 f6 19.Be3 f5 20.h3 Bc6 21.f4 Nf7 22.exf5 exf5
23.Bd4 Bxd4+ 24.Rxd4 Qb6 25.Rd1 Kh8 26.Qf2 Rfe8 27.Nd5 Bxd5 28.Rxd5 Qxf2+
29.Kxf2 Kg7 30.a4 Rc8 31.Ba2 Re4 32.g3 Rce8 33.R1d2 Re1 34.c5 dxc5 35.Rxc5 Rh1
36.Kg2 Ree1 37.b4 Rhg1+ 38.Kh2  1/2-1/2

[Event "ch-ESP Cerrado"]
[Site "Seville ESP"]
[Date "2004.08.19"]
[Round "2"]
[White "Lopez Martinez,J"]
[Black "Perez Candelario,Man"]
[Result "1-0"]
[WhiteElo "2437"]
[BlackElo "2498"]

1.e4 c5 2.Nf3 e6 3.d4 cxd4 4.Nxd4 a6 5.Bd3 Nf6 6.O-O d6 7.c4 b6 8.Nc3 Bb7
9.Qe2 Nbd7 10.f4 g6 11.f5 Qe7 12.fxe6 fxe6 13.Bg5 Bg7 14.Rad1 O-O 15.Bb1 Ne5
16.a3 h6 17.Bh4 g5 18.Bg3 Kh8 19.Ba2 Nfd7 20.c5 Rxf1+ 21.Rxf1 Nxc5 22.b4 Qc7
23.Be1 Ned3 24.Nxe6 Nxe6 25.Qxd3 Nf4 26.Qf3 Rf8 27.Qe3 Re8 28.Qf3 Qc8 29.Kh1 Rf8
30.Qe3 b5 31.g3 Qh3 32.Rf2 Re8 33.Qf3 Ng6 34.Qf7 Rf8 35.Qb3 d5 36.Kg1 Rxf2
37.Bxf2 Be5 38.Nxd5 Nh4 39.Nf4 Qc8 40.Ne2 Ng6 41.Qe6 Qxe6 42.Bxe6 Bxe4 43.Bc8 Bd3
44.Nd4 Ne7 45.Bxa6 Bxd4 46.Bxd4+ Kg8 47.a4 Nc6 48.Bc5 Kf7 49.Bxb5 Bxb5 50.axb5 Ne5
51.b6 Ke6 52.b7 Kd5  1-0

[Event "Knjaz Milos Jezero Open"]
[Site "Belgrade SCG"]
[Date "2004.08.20"]
[Round "4"]
[White "Mihajlovic,M"]
[Black "Nestorovic,DN"]
[Result "0-1"]
[WhiteElo "2276"]
[BlackElo "2166"]

1.e4 c5 2.Nf3 e6 3.d4 cxd4 4.Nxd4 a6 5.Bd3 Bc5 6.Ne2 Nf6 7.O-O d6 8.Ng3 Nbd7
9.Nh5 Nxh5 10.Qxh5 Ne5 11.h3 O-O 12.Nc3 f5 13.exf5 Nxd3 14.cxd3 Rxf5 15.Qe2 d5
16.Kh1 Bd7 17.Bd2 Qh4 18.f4 Raf8 19.Qg4 Qh6 20.Ne2 e5 21.Rfc1 Bd6 22.Qf3 exf4
23.Kg1 Qg6 24.Kf1 Rg5 25.a4 Be5 26.Bb4 Re8 27.Rc2 Bc6 28.Rac1 Bb8 29.Bd2 Bxa4
30.b3 Bb5 31.Rc8 Bc6 32.Rxe8+ Qxe8 33.Bxf4 Rf5 34.Kg1 Qf7 35.Rf1 Bxf4 36.Kh1 g5
37.Nd4 Rf6 38.Qg4 Bd7  0-1

[Event "Open A"]
[Site "Riga LAT"]
[Date "2004.08.20"]
[Round "8"]
[White "Sulskis,S"]
[Black "Kengis,E"]
[Result "0-1"]
[WhiteElo "2557"]
[BlackElo "2563"]

1.e4 c5 2.Nf3 e6 3.d4 cxd4 4.Nxd4 a6 5.Bd3 Bc5 6.c3 d6 7.O-O Nf6 8.Nd2 Qc7
9.b4 Ba7 10.Bb2 O-O 11.c4 e5 12.Nc2 Bg4 13.Qe1 Nc6 14.Rc1 Nh5 15.Be2 Bxe2
16.Qxe2 Nf4 17.Qf3 b5 18.cxb5 axb5 19.a3 Qb7 20.Nb3 Rad8 21.Rfd1 Ne7 22.Na5 Qa8
23.Bd4 Neg6 24.Bxa7 Nh4 25.Qg4 Nhxg2 26.Bb6 f5 27.Qf3 fxe4 28.Qb3+ Kh8 29.Ne3 Nh4
30.Kh1 Nd3 31.Rc2 Rc8 32.Rdd2 Rxc2 33.Qxc2 Nf3 34.Rxd3 exd3 35.Qxd3 Nd4+
36.Kg1 Qf3  0-1

[Event "Knjaz Milos Jezero Open"]
[Site "Belgrade SCG"]
[Date "2004.08.21"]
[Round "5"]
[White "Nestorovic,DN"]
[Black "Sredojevic,I"]
[Result "0-1"]
[WhiteElo "2166"]
[BlackElo "2331"]

1.e4 c5 2.Nf3 e6 3.d4 cxd4 4.Nxd4 a6 5.Bd3 Qc7 6.O-O Nf6 7.c4 b6 8.Nc3 Bb7
9.f4 Bc5 10.Be3 Nc6 11.Nc2 Nb4 12.Bxc5 Qxc5+ 13.Kh1 Nxc2 14.Qxc2 d6 15.Rae1 e5
16.Nd5 Bxd5 17.exd5 e4 18.Bxe4 O-O 19.b3 b5 20.Rc1 Rfe8 21.Bf3 bxc4 22.Qxc4 Qe3
23.Rc2 Qb6 24.Qc6 Qb5 25.Qc4 Qa5 26.h3 h6 27.Qc7 Qb5 28.Rd1 Rad8 29.Re2 Qb4
30.Rde1 Rf8 31.Qc1 Rc8 32.Qd2 Qb5 33.Re3 Rc5 34.a4 Qb7 35.Rc1 Nd7 36.Rxc5 Nxc5
37.Bd1 Rb8 38.Bc2 Kf8 39.Qd4 Qb4 40.Qd1 Qxf4 41.Qe1 Nd7 42.Re4 Qg5 43.Qd1 Nf6
44.Re2 Nh5 45.Re1 Rb4 46.Qd3 Nf4 47.Qd2 Rd4 48.Qf2 Qxd5 49.Qg3 Nxg2  0-1

[Event "Open"]
[Site "Vladimir RUS"]
[Date "2004.08.21"]
[Round "4"]
[White "Krainov,A"]
[Black "Schupaleev,A"]
[Result "0-1"]
[WhiteElo "2140"]
[BlackElo "2309"]

1.e4 c5 2.Nf3 e6 3.d4 cxd4 4.Nxd4 a6 5.Bd3 Nf6 6.O-O d6 7.b3 Bd7 8.Bb2 Nc6
9.Nxc6 Bxc6 10.Nd2 Be7 11.Qe2 O-O 12.f4 Nd7 13.c4 Bf6 14.Bxf6 Qxf6 15.Kh1 Rfd8
16.Rae1 Nc5 17.Bb1 b5 18.b4 Na4 19.e5 Qh6 20.exd6 Rxd6 21.Ne4 Rd4 22.Ng5 Rad8
23.Bxh7+ Kf8 24.Qg4 Rd2 25.Be4 f5 26.Nxe6+ Qxe6 27.Bxc6 Qxc6 28.Qxf5+ Kg8
29.Qg4 Qxc4 30.Rc1 Nc3 31.h4 Qe2 32.Qg6 Qe4 33.Qg5 R8d3 34.f5 Rh3+ 35.Kg1 Qd4+  0-1

[Event "Paks Cup GM"]
[Site "Paks HUN"]
[Date "2004.08.22"]
[Round "2"]
[White "Toth,An1"]
[Black "Pataki,G"]
[Result "1-0"]
[WhiteElo "2429"]
[BlackElo "2390"]

1.e4 c5 2.Nf3 e6 3.d4 cxd4 4.Nxd4 a6 5.Bd3 Bc5 6.Nb3 Ba7 7.Nc3 Nc6 8.Qe2 Nge7
9.f4 d6 10.Be3 b5 11.O-O-O O-O 12.e5 b4 13.Ne4 Bxe3+ 14.Qxe3 Nf5 15.Qh3 dxe5
16.Ng5 h6 17.Bxf5 Qc7 18.Bh7+ Kh8 19.Be4 exf4 20.Qh5 Kg8 21.Nf3 Bd7 22.Qc5 Rfc8
23.Na5 Be8 24.Nxc6 Bxc6 25.Rhe1 Qb7 26.Qe5 Rab8 27.Qxf4 b3 28.axb3 g5 29.Bxc6 Rxc6
30.Qe3 a5 31.Ne5 Rc7 32.Qf3 Qb5 33.Rd4 Kg7 34.Rc4 Rcb7 35.Ng4 f5 36.Qc3+ Kh7
37.Rc7+ Rxc7 38.Qxc7+ Kg6 39.Rxe6+  1-0

[Event "Knjaz Milos Jezero Open"]
[Site "Belgrade SCG"]
[Date "2004.08.23"]
[Round "7"]
[White "Aksentijevic,M"]
[Black "Nestorovic,De"]
[Result "0-1"]
[WhiteElo "2219"]
[BlackElo "2389"]

1.e4 c5 2.Nf3 e6 3.d4 cxd4 4.Nxd4 a6 5.Bd3 Qc7 6.O-O d6 7.Qe2 g6 8.Be3 Bg7
9.c3 Nf6 10.Nd2 Nbd7 11.f4 O-O 12.Kh1 b6 13.Rae1 Bb7 14.N4b3 b5 15.Bg1 e5
16.f5 d5 17.Qf2 Rad8 18.Qa7 Ra8 19.Qf2 Rac8 20.Qh4 Rfe8 21.Be3 dxe4 22.Nxe4 Nxe4
23.Bxe4 Bxe4 24.Qxe4 Nf6 25.Qh4 Nd5 26.Nd2 Nxe3 27.Rxe3 Qd8 28.Qxd8 Rcxd8
29.Ne4 gxf5 30.Nc5 Rd2 31.h3 f4 32.Ree1 Red8 33.b4 Rxa2 34.Rd1 Rxd1 35.Rxd1 Bf8
36.Rd8 Kg7 37.Nd7 Rd2 38.Rxf8 Rxd7 39.Ra8 Rd1+ 40.Kh2 Rd6 41.Kg1 Rc6 42.Re8 f6
43.Re7+ Kg6  0-1

[Event "Open"]
[Site "Vladimir RUS"]
[Date "2004.08.24"]
[Round "7"]
[White "Ziatdinov,R"]
[Black "Kuporosov,V"]
[Result "1-0"]
[WhiteElo "2424"]
[BlackElo "2473"]

1.e4 c5 2.Nf3 e6 3.d4 cxd4 4.Nxd4 a6 5.Bd3 Nf6 6.O-O Qc7 7.Be3 d5 8.Nd2 Nbd7
9.Re1 dxe4 10.Nxe4 Be7 11.Qf3 Nxe4 12.Bxe4 Nf6 13.Bd3 O-O 14.Rad1 Bd6 15.h4 Bh2+
16.Kh1 Be5 17.c3 b6 18.Bg5 Bb7 19.Qe2 Bxd4 20.cxd4 Qc6 21.f3 Nh5 22.Kg1 Qd6
23.Qe5 Qd7 24.Bc4 Rfc8 25.Bb3 Bd5 26.g4 Nf6 27.Bxf6 gxf6 28.Qxf6 Qd8 29.Qh6 Bxb3
30.axb3 Qf8 31.Qh5 Qg7 32.Re5 h6 33.g5 Ra7 34.Qg4 Kh7 35.Qe4+ f5 36.Rxf5 exf5
37.Qxf5+ Qg6 38.Qxc8 hxg5 39.hxg5 Qxg5+ 40.Qg4 Qe3+ 41.Kh1 Rg7 42.Qe4+ Qxe4
43.fxe4 Rg3 44.d5  1-0

[Event "52nd ch-HUN w"]
[Site "Budapest HUN"]
[Date "2004.08.25"]
[Round "7"]
[White "Medvegy,N"]
[Black "Gara,T"]
[Result "1/2-1/2"]
[WhiteElo "2407"]
[BlackElo "2291"]

1.e4 c5 2.Nf3 e6 3.d4 cxd4 4.Nxd4 a6 5.Bd3 Nc6 6.Nxc6 dxc6 7.Nd2 e5 8.Nc4 Be6
9.Be3 Nf6 10.O-O Bxc4 11.Bxc4 Qxd1 12.Raxd1 Nxe4 13.Rfe1 Nd6 14.Bb3 O-O-O
15.Bb6 Rd7 16.Rxe5 Be7 17.Ree1 Bd8 18.Bd4 Rg8 19.Be5 Bc7 20.g3 g6 21.Bc3 Rgd8
22.Kg2 c5 23.Bf6 Re8 24.Bd5 Rxe1 25.Rxe1 Bd8 26.Be5 Nf5 27.Rd1 Nd4 28.c4 Ne6
29.h4 Re7 30.f4 Nd4 31.Kf1 Nc6 32.Bd6 Rd7 33.Bxc5 Bf6 34.b3 Ne7 35.Kf2 Nxd5
36.Rxd5 h5 37.Kf3 Rxd5 38.cxd5 Bc3 39.f5 Kd7 40.Kf4 Bd2+ 41.Be3 Be1 42.fxg6 fxg6
43.Bc5 Bd2+ 44.Ke4 Be1 45.Kf3 b5 46.Bf8 a5 47.Bc5 a4 48.Bf8 axb3 49.axb3 Bd2
50.Bc5 Be1 51.Kf4 Bd2+ 52.Be3 Be1 53.Bc5 Bd2+ 54.Kf3 Be1 55.Kg2 Bd2 56.Kf2 Bc3
57.Ke2 Ba5 58.Bf8 Bc3 59.Bc5 Ba5 60.b4 Bc7 61.Kf3 Be5 62.Bf8 Bc3 63.Bc5 Be5
64.g4 Bf6 65.gxh5 gxh5 66.Kg3 Be5+ 67.Kf3 Bf6 68.Kg3 Be5+ 69.Kf3 Bf6 70.Kg3 Be5+  1/2-1/2

[Event "Open"]
[Site "Vladimir RUS"]
[Date "2004.08.25"]
[Round "8"]
[White "Krainov,A"]
[Black "Truskavetsky,A"]
[Result "1/2-1/2"]
[WhiteElo "2140"]
[BlackElo "2387"]

1.e4 c5 2.Nf3 e6 3.d4 cxd4 4.Nxd4 a6 5.Bd3 Nf6 6.O-O d6 7.b3 Nc6 8.Nxc6 bxc6
9.Bb2 e5 10.Nd2 Be7 11.f4 O-O 12.Nc4 exf4 13.e5 dxe5 14.Nxe5 Nd5 15.Kh1 Bf6
16.Nxc6 Qc7 17.Bxf6 Nxf6 18.Nd4 Ng4 19.Qf3 Ne3 20.Qxf4 Qxf4 21.Rxf4 f5 22.Re1 g5
23.Rf2 f4 24.Nf3 g4 25.Nd2 Bb7 26.Nc4 Nxc4 27.Bxc4+ Kh8 28.Re7 Bc6 29.Bd3 f3
30.Rxh7+ Kg8 31.g3 Rae8 32.h4 Re2 33.Kg1 Re1+ 34.Kh2 Rfe8 35.Rh5 R8e2 36.Bxe2 Rh1+
37.Kxh1 fxe2+ 38.Kh2 e1=Q 39.Rg5+  1/2-1/2

[Event "ch-IRI w"]
[Site "Tehran IRI"]
[Date "2004.09.01"]
[Round "9"]
[White "Salman,Ma"]
[Black "Pourkashiyan,A"]
[Result "1-0"]
[WhiteElo "2105"]
[BlackElo "2229"]

1.e4 c5 2.Nf3 e6 3.d4 cxd4 4.Nxd4 a6 5.Bd3 Nc6 6.Be3 Nf6 7.Nc3 d5 8.O-O Be7
9.exd5 Nxd5 10.Nxd5 Qxd5 11.c4 Qd6 12.c5 Qd5 13.Nxc6 Qxc6 14.Qc2 Bd7 15.b4 Qa4
16.Qc3 Bf6 17.Bd4 Bxd4 18.Qxd4 O-O-O 19.Qc3 f6 20.Bc2 Qc6 21.a4 Qc7 22.Qb3 Be8
23.Qxe6+ Qd7 24.Qb6 Qc7 25.Qxc7+ Kxc7 26.Rfd1 Bg6 27.Bb3 Kc6 28.Rxd8 Rxd8
29.Rd1 Rxd1+ 30.Bxd1 Be4 31.f3 Bd5 32.Be2 Bb3 33.a5 Ba4 34.f4 Bb3 35.Kf2 Bd5
36.g3 Bh1 37.Bc4 Bd5 38.Bd3 Bh1 39.Ke3 g6 40.Kd4 Bd5 41.Bc2 Be6 42.Ba4+ Kc7
43.b5 axb5 44.Bxb5 Bf7 45.Kc3 Be6 46.Kb4 Bd5 47.Be8 Be6 48.Kb5 Bf5 49.c6 Be4
50.cxb7 Kxb7 51.a6+ Kc7 52.Kc5 Bd3 53.Bb5 Be4 54.Bc4 Kb8 55.Kd6 g5 56.fxg5 fxg5
57.Ke5 Bf3 58.Kf6 g4 59.Kg5 Ka7 60.Bd3 Kb6 61.Bxh7 Kxa6 62.Bf5 Kb6 63.Bxg4 Bd5
64.Kf6 Kc6 65.h4 Kd6 66.h5  1-0

[Event "4th Botvinnik Mem"]
[Site "Satka RUS"]
[Date "2004.09.02"]
[Round "7"]
[White "Zaitsev,I"]
[Black "Karasev,V"]
[Result "1/2-1/2"]
[WhiteElo "2413"]
[BlackElo "2427"]

1.e4 c5 2.Nf3 e6 3.d4 cxd4 4.Nxd4 a6 5.Bd3 Nf6 6.Nc3 Qc7 7.Qe2 d6 8.f4 e5
9.Nd5 Nxd5 10.exd5 Be7 11.Nf3 Nd7 12.O-O Nc5 13.fxe5 Nxd3 14.cxd3 dxe5 15.d4 O-O
16.Nxe5 Bd6 17.Bf4 Bf5 18.Qc4 Qb6 19.Nc6 Qxb2 20.Qb3 Qxb3 21.axb3 bxc6 22.Bxd6 Rfd8
23.Rxf5 Rxd6 24.dxc6 Rxc6 25.Rfa5 Kf8 26.b4 Rb8 27.Rxa6 Rxa6 28.Rxa6 Rxb4
29.Ra8+ Ke7 30.Ra7+ Ke6 31.d5+ Kf6 32.Ra6+ Ke5 33.Ra7 Rf4 34.g3 Rf6 35.Rd7 g5  1/2-1/2

[Event "23rd NAO-OCF"]
[Site "Oklahoma USA"]
[Date "2004.09.04"]
[Round "3"]
[White "Brooks,M"]
[Black "Stripunsky,A"]
[Result "0-1"]
[WhiteElo "2508"]
[BlackElo "2553"]

1.e4 c5 2.Nf3 e6 3.d4 cxd4 4.Nxd4 a6 5.Bd3 Qc7 6.O-O Nf6 7.Qe2 d6 8.Bd2 g6
9.c4 Bg7 10.Nc3 O-O 11.Kh1 b6 12.b4 Bb7 13.Nb3 Nbd7 14.f4 Rfe8 15.Rac1 Rac8
16.a4 Qb8 17.a5 bxa5 18.Nxa5 Ba8 19.Rb1 Nh5 20.Bc2 d5 21.e5 Nxe5 22.fxe5 Bxe5
23.Qf2 f5 24.Qh4 dxc4 25.Ne2 c3 26.Bg5 Qb5 27.Rf2 Bg7 28.Nb3 h6 29.Be3 Rc4
30.Nbd4 Qb8 31.Bd3 Bf6 32.Qh3 Rxb4 33.Rc1 Qd6 34.Nc2 Rh4  0-1

[Event "Open"]
[Site "Pune IND"]
[Date "2004.09.05"]
[Round "3"]
[White "Barua,D"]
[Black "Prasad,D"]
[Result "1/2-1/2"]
[WhiteElo "2532"]
[BlackElo "2381"]

1.e4 c5 2.Nf3 e6 3.d4 cxd4 4.Nxd4 a6 5.Bd3 Bc5 6.Nb3 Ba7 7.O-O Ne7 8.Qe2 Nbc6
9.Be3 e5 10.Nc3 d6 11.Rad1 O-O 12.Rd2 Nd4 13.Bxd4 exd4 14.Nd5 Nxd5 15.exd5 Re8
16.Qf3 Qg5 17.Re2 Rxe2 18.Qxe2 Bd7 19.Qf3 Re8 20.h3 Bb6 21.Rd1 g6 22.Nd2 Kg7
23.a3 Bd8 24.Nb3 Bb6 25.Nd2 Bd8 26.Nb3  1/2-1/2

[Event "TCh-CRO"]
[Site "Rabac CRO"]
[Date "2004.09.06"]
[Round "2"]
[White "Feletar,D"]
[Black "Brkic,A"]
[Result "1/2-1/2"]
[WhiteElo "2412"]
[BlackElo "2436"]

1.e4 c5 2.Nf3 e6 3.d4 cxd4 4.Nxd4 a6 5.Bd3 Bc5 6.Nb3 Ba7 7.Qe2 Nc6 8.Be3 Bxe3
9.Qxe3 d6 10.O-O Nge7 11.Rd1 e5 12.c4 O-O 13.Nc3 Be6 14.Rd2 Na5  1/2-1/2

[Event "TCh-CRO w"]
[Site "Rabac CRO"]
[Date "2004.09.07"]
[Round "3"]
[White "Kaps,D"]
[Black "Jelica,M"]
[Result "1/2-1/2"]
[WhiteElo "2186"]
[BlackElo "2252"]

1.e4 c5 2.Nf3 e6 3.d4 cxd4 4.Nxd4 a6 5.Bd3 Qc7 6.O-O Nf6 7.Qe2 Bd6 8.h3 O-O
9.Be3 Nc6 10.Nb3 Bf4 11.N1d2 b5 12.a4 Bxe3 13.Qxe3 bxa4 14.Rxa4 d6 15.Rfa1 Ne5  1/2-1/2

[Event "TCh-SCG Men"]
[Site "Budva SCG"]
[Date "2004.09.08"]
[Round "1"]
[White "Lazic,D"]
[Black "Panic,Ne"]
[Result "1-0"]
[WhiteElo "2338"]
[BlackElo "2367"]

1.e4 c5 2.Nf3 e6 3.d4 cxd4 4.Nxd4 a6 5.Bd3 Nc6 6.Be3 Nf6 7.Nc3 Qc7 8.O-O Bd6
9.h3 Nxd4 10.Bxd4 Be5 11.Bxe5 Qxe5 12.f4 Qc5+ 13.Kh1 d6 14.Na4 Qa5 15.c4 b5
16.cxb5 axb5 17.Nc3 O-O 18.Nxb5 d5 19.Nc3 d4 20.Ne2 Rd8 21.Ng3 Rb8 22.Qe2 e5
23.f5 Rd6 24.Rfc1 Qa8 25.Rc5 Nd7 26.Rc2 Qa5 27.Rac1 Qd8 28.Nf1 Bb7 29.Nd2 Qg5
30.Rc7 h5 31.R1c2 Nf6 32.Nc4 Ra6 33.b4 Qf4 34.Rxb7 Rxb7 35.b5 Rxb5 36.Nd2 Ng4
37.hxg4 hxg4 38.Bxb5 Rh6+ 39.Kg1 Qh2+ 40.Kf2 Qh4+ 41.g3 Qh2+ 42.Ke1 Qxg3+
43.Qf2 Qa3 44.Bf1 Qa4 45.Nb3 d3 46.Bxd3 Rh1+ 47.Ke2 Rh3 48.Qg2 Qd7 49.Rd2 Qa7
50.Qxg4 Qe3+ 51.Kd1 Rh1+ 52.Kc2 Qe1 53.Rg2 Qb1+ 54.Kc3 Qe1+ 55.Kb2 g6 56.fxg6 f5
57.Qxf5  1-0

[Event "TCh-SCG Men"]
[Site "Budva SCG"]
[Date "2004.09.09"]
[Round "2"]
[White "Novoselski,Z"]
[Black "Markus,R"]
[Result "0-1"]
[WhiteElo "2362"]
[BlackElo "2550"]

1.e4 c5 2.Nf3 e6 3.d4 cxd4 4.Nxd4 a6 5.Bd3 Bc5 6.Be3 d6 7.Nc3 Nd7 8.Qg4 Qf6
9.Nce2 Bb4+ 10.Kf1 h5 11.Qg5 Qxg5 12.Bxg5 Ngf6 13.Nb3 Nc5 14.Bxf6 gxf6 15.Nf4 Nxb3
16.axb3 h4 17.c3 Bc5 18.b4 Bb6 19.b5 a5 20.Ke2 Ke7 21.g3 Bd7 22.Ng2 hxg3
23.hxg3 Rxh1 24.Rxh1 a4 25.Ra1 Ra5 26.c4 d5 27.exd5 exd5 28.Nf4 dxc4 29.Bxc4 Bd4
30.Nd5+ Kd6 31.Nc3 Bxc3 32.bxc3 Be6 33.Bd3 Kc5 34.c4 a3 35.Ke3 a2 36.Kd2 Bxc4  0-1

[Event "TCh-SCG Men"]
[Site "Budva SCG"]
[Date "2004.09.09"]
[Round "2"]
[White "Vujacic,B"]
[Black "Djokic,V"]
[Result "0-1"]
[WhiteElo "2400"]
[BlackElo "2161"]

1.e4 c5 2.Nf3 e6 3.d4 cxd4 4.Nxd4 a6 5.Bd3 Nf6 6.O-O d6 7.c4 Nbd7 8.Nc3 g6
9.Be3 Bg7 10.Rc1 O-O 11.Bb1 Ne5 12.b3 Neg4 13.Bg5 Qa5 14.Qd2 Nxh2 15.Rfd1 Nhg4
16.Nf3 Qb6 17.Rc2 Bd7 18.Qxd6 Qxd6 19.Rxd6 Bc6 20.Rc1 h6 21.Bd2 Rfd8 22.Rxd8+ Rxd8
23.Kf1 Bf8 24.Ke2 Bc5 25.Be1 Ba3 26.Rd1 Rxd1 27.Kxd1 Bb4 28.Ke2 Bxc3 29.Bxc3 Bxe4
30.Bxe4 Nxe4 31.Bd4 Kf8 32.a4 Ke7 33.Ne1 e5 34.Bb6 Ngf6 35.Nd3 Nd7 36.Be3 g5
37.g4 f5 38.f3 Ng3+ 39.Kf2 f4 40.Ba7 e4 41.Nb4 exf3 42.Bd4 Ne4+ 43.Kxf3 Nd2+
44.Ke2 Nxb3 45.Bg7 Kf7 46.Bc3 Nb6 47.Kd3 Nc5+ 48.Kd4 Ne6+ 49.Kd3 Nxa4  0-1

[Event "TCh-SCG Men"]
[Site "Budva SCG"]
[Date "2004.09.10"]
[Round "3"]
[White "Nevednichy,V"]
[Black "Predojevic,B"]
[Result "1/2-1/2"]
[WhiteElo "2538"]
[BlackElo "2490"]

1.e4 c5 2.Nf3 e6 3.d4 cxd4 4.Nxd4 a6 5.Bd3 Bc5 6.Be3 d6 7.Nc3 Nd7 8.O-O Ngf6
9.a3 O-O 10.h3 Ne5 11.Re1 Bd7 12.Qd2 Qe7 13.Rad1 Rfd8 14.Bf1 Bc6 15.Nxc6 Nxc6
16.Bxc5 dxc5 17.Qe3 Rxd1 18.Rxd1 Rd8 19.Rxd8+ Nxd8 20.e5 Nd5 21.Nxd5 exd5
22.f4 g6 23.g3 Ne6 24.Bg2 d4 25.Qe4 c4 26.Qxb7 Qc5 27.Qd5 Qb6 28.Qxc4 Qxb2
29.a4 Qc1+ 30.Kh2 h5 31.h4 Qd2 32.Kg1 Qe3+ 33.Kh2 Qd2 34.Kg1 Qe3+ 35.Kh2 Qd2  1/2-1/2

[Event "TCh-SCG Women"]
[Site "Budva SCG"]
[Date "2004.09.10"]
[Round "3"]
[White "Bokan,J"]
[Black "Peptan,C"]
[Result "1/2-1/2"]
[WhiteElo "2056"]
[BlackElo "2429"]

1.e4 c5 2.Nf3 e6 3.d4 cxd4 4.Nxd4 a6 5.Bd3 Nf6 6.Nb3 d6 7.Nc3 b5 8.a3 Bb7
9.Be3 Nbd7 10.f4 Rc8 11.O-O Be7 12.Qf3 O-O 13.g4 Rxc3 14.bxc3 Qa8 15.a4 b4
16.cxb4 Nxe4 17.Qh3 f5 18.g5 h6 19.Bxe4 Bxe4 20.Nd4 Qd5 21.c4 Qxc4 22.Rac1 Qa2
23.Rc7 hxg5 24.fxg5 Rd8 25.Rfc1 g6 26.Nc6 Bxc6 27.R7xc6 Bf8 28.Rxa6 Ne5 29.Bd4 Qd2
30.Be3 Qxb4 31.Ra7 Bg7 32.Rcc7 Qe1+ 33.Kg2 Qe2+ 34.Kh1 Qe1+ 35.Kg2 Qe2+  1/2-1/2

[Event "8th WUCC"]
[Site "Instanbul TUR"]
[Date "2004.09.11"]
[Round "9"]
[White "Lupulescu,C"]
[Black "Darban,M"]
[Result "1-0"]
[WhiteElo "2555"]
[BlackElo "2315"]

1.e4 c5 2.Nf3 e6 3.d4 cxd4 4.Nxd4 a6 5.Bd3 Nf6 6.O-O Qc7 7.Qe2 d6 8.c4 Nc6
9.Nxc6 bxc6 10.f4 Nd7 11.b3 Be7 12.Bb2 O-O 13.e5 d5 14.Nd2 Nc5 15.Bc2 a5
16.Kh1 f5 17.exf6 Bxf6 18.Bxf6 Rxf6 19.Qh5 g6 20.Qg5 Kg7 21.h4 Ba6 22.Rf3 Raf8
23.Raf1 Nb7 24.h5 Nd8 25.hxg6 hxg6 26.Rh3 Kg8 27.Bxg6 Qg7 28.Bh7+ Kf7 29.Nf3 Qxg5
30.fxg5 Rf4 31.g3 Rxf3 32.Rxf3+ Kg7 33.Rxf8 Kxf8 34.Bd3 Nf7 35.g6 Ne5 36.Rh8+ Kg7
37.Rh7+ Kg8 38.Bb1 Bc8 39.Ra7 Bd7 40.Rxa5 Kg7 41.a4 Kf6 42.Ra7 c5 43.a5 d4
44.Kg1 Be8 45.g7 Bf7 46.a6  1-0

[Event "3rd Autumn"]
[Site "Alushta UKR"]
[Date "2004.09.13"]
[Round "5"]
[White "Geller,J"]
[Black "Khurtsidze,N"]
[Result "0-1"]
[WhiteElo "2484"]
[BlackElo "2391"]

1.e4 c5 2.Nf3 e6 3.d4 cxd4 4.Nxd4 a6 5.Bd3 Qb6 6.Nb3 Qc7 7.O-O Nf6 8.f4 d6
9.Be3 Nbd7 10.Qf3 Be7 11.Nc3 O-O 12.g4 Nc5 13.Nxc5 dxc5 14.g5 Nd7 15.e5 Rd8
16.Bxh7+ Kxh7 17.Qh5+ Kg8 18.Rf3 g6 19.Qh4 Bf8 20.Ne4 Bg7 21.Nf6+ Kf8 22.Qh7 b6
23.Qg8+ Ke7 24.Qxg7 Bb7 25.Rh3 Rg8 26.Qxg8 Qc6 27.Qxf7+ Kxf7 28.Rh7+ Kf8
29.Nxd7+ Ke8 30.Nf6+ Kd8 31.Rd1+ Kc8 32.Rh8+ Kc7 33.Rd7+ Qxd7 34.Nxd7 Rxh8
35.Nf6 Rh3 36.Bf2 Rf3 37.h4 Rxf4 38.h5 gxh5 39.g6 Be4 40.g7 Bh7 41.Bg3 Rg4
42.Kf2 Kc6 43.Nxh7 Rxg7 44.Nf6 Rg5 45.Ne4 Rf5+ 46.Ke3 Rf1 47.a4 Rc1 48.Kd2 Rh1
49.Bf4 h4 50.b3 c4 51.bxc4 Ra1 52.Ng5 Rxa4 53.Nxe6 Rxc4 54.Kd3 Kd5 55.Bh2 b5
56.Ng5 Rg4 57.Nh7 Rg2 58.Nf6+ Ke6 59.Bf4 h3 60.Ne4 Kf5 61.Bg3 h2 62.Bxh2 Rxh2
63.Nc5 Kxe5 64.Nxa6 Rh3+ 65.Kd2 Kd4 66.Nb4 Kc4 67.Na2 b4 68.Kc1 b3 69.cxb3+ Kxb3
70.Kb1 Rh1+ 71.Nc1+ Kc3  0-1

[Event "Tch-FIN 2004-5"]
[Site "Finland FIN"]
[Date "2004.09.19"]
[Round "2"]
[White "Agopov,M"]
[Black "Karttunen,M"]
[Result "1/2-1/2"]
[WhiteElo "2393"]
[BlackElo "2414"]

1.e4 c5 2.Nf3 e6 3.d4 cxd4 4.Nxd4 a6 5.Bd3 Nf6 6.c4 Qc7 7.O-O g6 8.Nc3 Bg7
9.Nf3 O-O 10.Qe2 d6 11.Rd1 Nc6 12.h3 Nd7 13.Be3 Nde5 14.Rac1 Bd7 15.Nxe5 Nxe5
16.f4 Nxd3 17.Qxd3 Bc6 18.Qxd6 Qxd6 19.Rxd6 Bxc3 20.Rxc3 Bxe4 21.g4 Rfd8
22.c5 Kf8 23.Bd4 Ke7 24.g5 Rxd6 25.cxd6+ Kxd6 26.Be5+ Kd5 27.Kf2 Bb1 28.a4 Ke4
29.Rc4+ Kd3 30.Rc7 b5 31.a5 Ke4 32.Rd7 Rc8 33.Rd4+ Kf5 34.Ke3 Rc1 35.Rd7 Re1+
36.Kf3 Rf1+ 37.Kg2 Rc1 38.Kf3 Rf1+  1/2-1/2

[Event "Georgiev-Kesarovski Mem"]
[Site "Sunny Beach BUL"]
[Date "2004.09.20"]
[Round "4"]
[White "Badev,K"]
[Black "Bratanov,Z"]
[Result "0-1"]
[WhiteElo "2282"]
[BlackElo "2432"]

1.e4 c5 2.Nf3 e6 3.d4 cxd4 4.Nxd4 a6 5.Bd3 Nc6 6.Nxc6 dxc6 7.O-O e5 8.Nd2 Nf6
9.Nc4 Qc7 10.Be3 Be6 11.Bb6 Qb8 12.Qe1 Nd7 13.Be3 b5 14.Na5 Qc7 15.Rc1 c5
16.c4 b4 17.Nb3 a5 18.f4 exf4 19.Bxf4 Ne5 20.Be2 Bd6 21.Qg3 O-O 22.Kh1 f6
23.Nd2 Rfd8 24.Rf2 Ng6 25.Bxd6 Qxd6 26.Bg4 Bxg4 27.Qxg4 Ne5  0-1

[Event "79th ch-ARG"]
[Site "Buenos Aires ARG"]
[Date "2004.09.26"]
[Round "4"]
[White "Valerga,D"]
[Black "Lujan,C"]
[Result "1-0"]
[WhiteElo "2498"]
[BlackElo "2318"]

1.e4 c5 2.Nf3 e6 3.d4 cxd4 4.Nxd4 a6 5.Bd3 Nf6 6.O-O d6 7.c4 Bd7 8.Nc3 Nc6
9.Nf3 Be7 10.h3 O-O 11.Bf4 Qb8 12.Rc1 Ne5 13.Nxe5 dxe5 14.Be3 b5 15.Qe2 Rc8
16.a3 bxc4 17.Bxc4 a5 18.Rfd1 Bc6 19.Ba6 Bb7 20.Bxb7 Qxb7 21.f3 Bc5 22.Bxc5 Rxc5
23.Na4 Rxc1 24.Rxc1 Rc8 25.Rxc8+ Qxc8 26.Qd2 h6 27.Kh2 Qa6 28.Nc5 Qb6 29.Qc3 Qb8
30.Nd3 Qd6 31.Nxe5 Nh5 32.g4 Nf4 33.Qc8+ Kh7 34.Qh8+ Kxh8 35.Nxf7+ Kg8 36.Nxd6 Nd3
37.b3 Ne1 38.Kg3 Nc2 39.Nc4 Kf7 40.a4  1-0

[Event "VIII Itau Cup"]
[Site "Sao Paulo BRA"]
[Date "2004.09.26"]
[Round "2"]
[White "Matsuura,E"]
[Black "Cajal,A"]
[Result "1-0"]
[WhiteElo "2490"]
[BlackElo "2135"]

1.e4 c5 2.Nf3 e6 3.d4 cxd4 4.Nxd4 a6 5.Bd3 Qc7 6.O-O Nf6 7.Qe2 d6 8.c4 b6
9.Nc3 Bb7 10.Kh1 Nbd7 11.f4 Be7 12.Bd2 h6 13.Rae1 O-O-O 14.Rc1 Nc5 15.Bb1 Rdg8
16.b4 Ncd7 17.Nd5 exd5 18.cxd5 Nc5 19.bxc5 dxc5 20.Nf5 g6 21.Nxe7+ Qxe7 22.Bc3 Rh7
23.Bd3 Re8 24.Bxf6 Qxf6 25.Bxa6 Qd6 26.Qd3 f6 27.a4 Kb8 28.Rb1 Ka7 29.Bxb7 Rxb7
30.a5 b5 31.a6 c4 32.Qg3 Rg7 33.Rxb5 Rxe4 34.Qf2+ Ka8 35.Rfb1 Re8 36.Rb7 Rxb7
37.axb7+ Kb8 38.Qa2 Qb6 39.Qa8+ Kc7 40.d6+  1-0